STN EN 50341-2-23: 2017 (33 3300), Vonkajšie elektrické vedenia so striedavým napätím nad 1 kV Časť 2-23 Národné normatívne hľadiská (NNA) pre SLOVENSKO (založené na EN 50341-1: 2012)
Táto norma je slovenskou verziou európskej normy EN 50341-2-23: 2016. Preklad zabezpečil Úrad pre normalizáciu, metrológiu a skúšobníctvo Slovenskej republiky. Táto norma má rovnaké postavenie, ako majú oficiálne verzie
| Corporate Author: | |
|---|---|
| Other Authors: | , , |
| Format: | Book |
| Language: | Slovak English |
| PhysicalDescription: | 72 s. mp., tab. 30 cm 1 mp. príl. |
| Published: |
Bratislava
Úrad pre normalizáciu, metrológiu a skúšobníctvo Slovenskej republiky
2017
|
| Subjects: |
MARC
| LEADER | 00000cam a2200000 a 4500 | ||
|---|---|---|---|
| 001 | vtls011606771 | ||
| 003 | SK-MaSNL | ||
| 005 | 20260512081156.0 | ||
| 008 | 170126s2017 xo ab f u 000 0 slo | ||
| 015 | |a SNBN2017 | ||
| 040 | |a SNK |b slo |c SNK |e AACR2 | ||
| 041 | 1 | |a slo |h eng | |
| 044 | |a xo |c SK | ||
| 046 | |a s |m 201701 (účin.) | ||
| 072 | 7 | |a 621.3 |x Elektrotechnika |2 konspekt | |
| 080 | |a 621.311.1 |2 2001 | ||
| 080 | |a 006.7/.8 |2 2001 | ||
| 080 | |a (437.6) |2 2001 | ||
| 080 | |a (4) |2 2001 | ||
| 080 | |a (083.742) |2 2011 | ||
| 080 | |a 621.315.1/.3 |2 2001 | ||
| 080 | |a 621.31 |2 2011 | ||
| 084 | |a 29.240.20 |2 ICS | ||
| 130 | 0 | |a STN 33 3300 (STN EN 50341-2-23) |9 709829 | |
| 245 | 1 | 0 | |a STN EN 50341-2-23: 2017 (33 3300), Vonkajšie elektrické vedenia so striedavým napätím nad 1 kV |n Časť 2-23 |p Národné normatívne hľadiská (NNA) pre SLOVENSKO (založené na EN 50341-1: 2012) |
| 246 | 1 | 0 | |a Vonkajšie elektrické vedenia so striedavým napätím nad 1 kV |
| 246 | 1 | 0 | |a Národné normatívne hľadiská (NNA) pre SLOVENSKO (založené na EN 50341-1: 2012) |
| 246 | 3 | 0 | |a EN 50341-2-23: 2016 SK |
| 260 | |a Bratislava |b Úrad pre normalizáciu, metrológiu a skúšobníctvo Slovenskej republiky |c 2017 | ||
| 300 | |a 72 s. |b mp., tab. |c 30 cm |e 1 mp. príl. | ||
| 500 | |a Súbežný názov v angličtine, francúzštine, nemčine | ||
| 500 | |a Spracovateľ: SAG Elektrovod Bratislava, František Kinčeš, Jozef Predáč | ||
| 504 | |a Normatívne referenčné dokumenty s. 2 | ||
| 520 | 8 | |a Táto norma je slovenskou verziou európskej normy EN 50341-2-23: 2016. Preklad zabezpečil Úrad pre normalizáciu, metrológiu a skúšobníctvo Slovenskej republiky. Táto norma má rovnaké postavenie, ako majú oficiálne verzie | |
| 540 | |a STN vydané na akomkoľvek nosiči sa môžu rozmnožovať a rozširovať iba so súhlasom určenej právnickej osoby |b SÚTN Bratislava |c zákon 264/1999 Z. z. | ||
| 650 | 0 | 7 | |a elektrické rozvody |2 SNKPH |9 67472 |
| 650 | 0 | 7 | |a technické normy a štandardy |z Slovensko |2 SNKPH |9 79594 |
| 650 | 0 | 7 | |a technické normy a štandardy |z krajiny Európskej únie |2 SNKPH |9 289341 |
| 650 | 0 | 7 | |a Electric power distribution |2 SNKPHeng |9 311842 |
| 650 | 0 | 7 | |a elektrické vedenia |2 SNKPH |9 85871 |
| 650 | 0 | 7 | |a elektroenergetika |2 SNKPH |9 15219 |
| 650 | 0 | 7 | |a Electric conduits |2 SNKPHeng |9 333352 |
| 650 | 0 | 7 | |a Electric power engineering |2 SNKPHeng |9 326890 |
| 655 | 7 | |a normy |2 SNKPH |9 70643 | |
| 700 | 1 | |a Kinčeš, František |4 trl |9 705105 | |
| 700 | 1 | |a Predáč, Jozef |4 trl |9 305970 | |
| 700 | 1 | |a Bindzár, Miroslav |4 trl |9 705106 | |
| 710 | 1 | |a Slovensko. |b Úrad pre normalizáciu, metrológiu a skúšobníctvo |4 stn |9 158117 | |
| 710 | |a Slovenský ústav technickej normalizácie (Bratislava, Slovensko). |b Technická komisia č. 43 Elektroenergetika |4 stn |9 314939 | ||
| 710 | 2 | |a SAG Elektrovod (Bratislava, Slovensko) |4 trl |9 709830 | |
| 852 | |a Štátna vedecká knižnica v Banskej Bystrici | ||
| 958 | |a OP | ||
| 958 | |a NB | ||
| 999 | |c 1106240 |d 1108170 | ||
| 952 | |a SNK |b SNK |y PREZ |7 0 |p 17A1252398 |o snkSTN EN 50341-2-23 |i snk2017/3887 |8 0 |3 Dokument obsahuje 1 mp. príl. |0 0 |1 0 |4 0 |d 2017-02-10 |l 0 |r 2026-02-24 17:45:46 |w 2026-02-24 | ||
| 952 | |a SNK |b SNK |y PREZ |7 0 |p 17A1252347 |o snkSTN EN 50341-2-23/príl. |i snk2017/3887 |8 0 |z Príl.: Mapa námrazových oblastí Slovenska |0 0 |1 0 |4 0 |d 2017-02-10 |l 0 |r 2026-02-24 17:45:46 |w 2026-02-24 | ||
| 952 | |a SNK |b SNK |y PREZ |7 0 |p 17A1252399 |o snkSTN EN 50341-2-23 D1 |i snk2017/3893 |8 0 |3 Dokument obsahuje 1 mp. príl. |0 0 |1 0 |4 0 |d 2017-02-10 |l 0 |r 2026-02-24 17:45:46 |w 2026-02-24 | ||
| 952 | |a SNK |b SNK |y NEVYP |7 1 |p 17A1252348 |o snkSTN EN 50341-2-23/príl. D1 |i snk2017/3893 |8 0 |z Príl.: Mapa námrazových oblastí Slovenska |0 0 |1 0 |4 0 |d 2017-02-10 |l 0 |r 2026-02-24 17:45:46 |w 2026-02-24 | ||


